Little Dorrit. (Record no. 174601)

000 -LEADER
fixed length control field 00940cam a2200277u 4500
001 - CONTROL NUMBER
control field 7835715
003 - CONTROL NUMBER IDENTIFIER
control field Nust
005 - DATE AND TIME OF LATEST TRANSACTION
control field 20170202151208.0
008 - FIXED-LENGTH DATA ELEMENTS--GENERAL INFORMATION
fixed length control field 821210s1857 pau 000 0 eng
010 ## - LIBRARY OF CONGRESS CONTROL NUMBER
LC control number 37014751
020 ## - INTERNATIONAL STANDARD BOOK NUMBER
International Standard Book Number 9780141439969
040 ## - CATALOGING SOURCE
Original cataloging agency DLC
Transcribing agency CarP
Modifying agency DLC
050 00 - LIBRARY OF CONGRESS CALL NUMBER
Classification number PR4562
Item number .A1 1857a
082 ## - DEWEY DECIMAL CLASSIFICATION NUMBER
Classification number 823.8
Author Mark DIC
100 1# - MAIN ENTRY--PERSONAL NAME
Personal name Dickens, Charles,
Dates associated with a name 1812-1870.
245 10 - TITLE STATEMENT
Title Little Dorrit.
260 ## - PUBLICATION, DISTRIBUTION, ETC.
Place of publication, distribution, etc. Philadelphia,
Name of publisher, distributor, etc. T. B. Peterson [pref.
Date of publication, distribution, etc. 1857
300 ## - PHYSICAL DESCRIPTION
Extent XXXIII, 985 p.
Dimensions 24 cm.
610 20 - SUBJECT ADDED ENTRY--CORPORATE NAME
Corporate name or jurisdiction name as entry element Marshalsea Prison (Southwark, London, England)
Form subdivision Fiction.
650 #0 - SUBJECT ADDED ENTRY--TOPICAL TERM
Topical term or geographic name entry element Inheritance and succession
Form subdivision Fiction.
650 #0 - SUBJECT ADDED ENTRY--TOPICAL TERM
Topical term or geographic name entry element Debt, Imprisonment for
Form subdivision Fiction.
650 #0 - SUBJECT ADDED ENTRY--TOPICAL TERM
Topical term or geographic name entry element Fathers and daughters
Form subdivision Fiction.
650 #0 - SUBJECT ADDED ENTRY--TOPICAL TERM
Topical term or geographic name entry element Children of prisoners
Form subdivision Fiction.
651 #0 - SUBJECT ADDED ENTRY--GEOGRAPHIC NAME
Geographic name London (England)
Form subdivision Fiction.
655 #7 - INDEX TERM--GENRE/FORM
Genre/form data or focus term Domestic fiction.
Source of term lcsh
655 #7 - INDEX TERM--GENRE/FORM
Genre/form data or focus term Love stories.
Source of term gsafd
906 ## - LOCAL DATA ELEMENT F, LDF (RLIN)
a 0
b cbc
c premunv
d u
e ncip
f 19
g y-gencatlg
942 ## - ADDED ENTRY ELEMENTS (KOHA)
Source of classification or shelving scheme
Koha item type Book
Holdings
Withdrawn status Lost status Source of classification or shelving scheme Damaged status Not for loan Permanent Location Current Location Shelving location Date acquired Full call number Barcode Date last seen Copy number Price effective from Koha item type
          Central Library (CL) Central Library (CL) Children Section 02/02/2017 823 DIC CL812 12/05/2022 1 02/02/2017 Book
© 2023 Central Library, National University of Sciences and Technology. All Rights Reserved.